Loading...
| History - World | 0 | 6 | 0 | 3 | 60 | 71 | 115.33 | 0 | 0 | 0.00 | 0.00 |
| History - European | 0 | 5 | 0 | 1 | 50 | 39 | 80.20 | 1 | 2 | 0.00 | 0.00 |
| Any History | 0 | 2 | 0 | 1 | 20 | 141 | 141.00 | 0 | 0 | 0.00 | 0.00 |
| Religion | 0 | 2 | 1 | 1 | 15 | 112 | 123.00 | 0 | 0 | 0.00 | 0.00 |
| History - American | 0 | 1 | 0 | 0 | 10 | 52 | 52.00 | 0 | 1 | 0.00 | 0.00 |
| Literature - World | 0 | 1 | 0 | 0 | 10 | 147 | 147.00 | 0 | 0 | 0.00 | 0.00 |
| Mythology | 0 | 1 | 0 | 0 | 10 | 76 | 76.00 | 0 | 0 | 0.00 | 0.00 |
| Other Academic | 0 | 1 | 0 | 0 | 10 | 119 | 119.00 | 0 | 0 | 0.00 | 0.00 |
| Painting & Sculpture | 0 | 1 | 0 | 0 | 10 | 43 | 43.00 | 1 | 1 | 0.00 | 0.00 |
| Geography | 0 | 0 | 1 | 0 | -5 | 0.00 | 0 | 0 | 0.00 | 0.00 |